000 00352nam a22001577a 4500
005 20160629123317.0
008 160629b xxu||||| |||| 00| 0 eng d
020 _a978-0-07-0253-0
041 _aeng
082 _b10819
245 _aHarvard Business Review
260 _bHarvard B press
300 _a191
650 _aManagement
_9241
942 _cBK
999 _c4651
_d4649